00535 2200193 4500001002100000005001500021008004100036020001800077035001900095041000700114082001000121090001600131100001200147245010600159250001000265260002500275300002900300650001200329INLIS00000000001571820241224115004241224||||||||| | ||| |||| || |  a979-9392-26-8 0010-1224015718 aid0 a2x7.3 a2x7.3 YAT e0 aYatimin00aetika seksual dan penyimpangannya dalam islam: tinjauan psikologi pendidikan dari sudut pandang islam aCet.1 aJakartabAmzahc2003 a120 hlm,;15,5 cm x 23 cm 0aseksual